Library Banner

Cotton (Record no. 31184)

MARC details
000 -LEADER
fixed length control field 00466nam a2200181Ia 4500
001 - CONTROL NUMBER
control field 31062
003 - CONTROL NUMBER IDENTIFIER
control field PK-LaUMT
005 - DATE AND TIME OF LATEST TRANSACTION
control field 20221004172809.0
008 - FIXED-LENGTH DATA ELEMENTS--GENERAL INFORMATION
fixed length control field 140416s9999 xx 000 0 und d
040 ## - CATALOGING SOURCE
Transcribing agency PK-LaUMT
082 ## - DEWEY DECIMAL CLASSIFICATION NUMBER
Classification number W 677.21
Item number BAF-C
100 ## - MAIN ENTRY--PERSONAL NAME
Personal name Baffes, John
245 ## - TITLE STATEMENT
Title Cotton
Remainder of title market setting, trade policies and issues
Statement of responsibility, etc Baffes, John
260 ## - PUBLICATION, DISTRIBUTION, ETC. (IMPRINT)
Place of publication, distribution, etc Washington,USA:
Name of publisher, distributor, etc World Bank,
Date of publication, distribution, etc 2004
300 ## - PHYSICAL DESCRIPTION
Extent 76 p.
546 ## - LANGUAGE NOTE
Language note EN
942 ## - ADDED ENTRY ELEMENTS (KOHA)
Koha item type Permanently weeded out collection
Source of classification or shelving scheme Dewey Decimal Classification
Holdings
Withdrawn status Lost status Damaged status Not for loan Home library Current library Date acquired Total Checkouts Full call number Barcode Date last seen Price effective from Koha item type
        UMT Main Campus UMT Main Campus 2014-04-16   W 677.21 BAF-C 37026 2014-05-03 2014-05-03 Books